LEADER 01003nam0-22003011i-450- 001 990002892050403321 035 $a000289205 035 $aFED01000289205 035 $a(Aleph)000289205FED01 035 $a000289205 100 $a20000920d1998----km-y0itay50------ba 101 0 $aITA 200 1 $aIndici della produzione industriale (set.98), fatturato, ordinativi, consistenza degli ordinativi (ago.98)$edicembre 1998$fIstituto Nazionale di Statistica 210 $aRoma$cIstat$d1998 215 $a1 dischetto 225 1 $aInformazioni$fIstat$v62 610 0 $aItalia$aeconomia$a1998 610 0 $aItalia$aproduzione industriale$a1998 676 $a338.5 700 1$aIstat$0445627 801 0$aIT$bUNINA$gRICA$2UNIMARC 901 $aBK 912 $a990002892050403321 952 $aCDI-I-62-98-Pos-2$b6245$fMAS 959 $aMAS 996 $aIndici della produzione industriale (set.98), fatturato, ordinativi, consistenza degli ordinativi (ago.98$9466925 997 $aUNINA DB $aING01 LEADER 02914nam 2200649 a 450 001 9910779173103321 005 20230414134428.0 010 $a1-78238-382-4 010 $a1-280-49667-3 010 $a9786613591906 010 $a0-85745-296-7 024 7 $a10.1515/9780857452962 035 $a(CKB)2550000000100938 035 $a(EBL)915501 035 $a(OCoLC)793996549 035 $a(SSID)ssj0000636506 035 $a(PQKBManifestationID)12255440 035 $a(PQKBTitleCode)TC0000636506 035 $a(PQKBWorkID)10661527 035 $a(PQKB)10853637 035 $a(MiAaPQ)EBC915501 035 $a(DE-B1597)637093 035 $a(DE-B1597)9780857452962 035 $a(EXLCZ)992550000000100938 100 $a20110915d2012 uy 0 101 0 $aeng 135 $aur|n|---||||| 181 $ctxt 182 $cc 183 $acr 200 10$aHistory in the plural $ean introduction to the work of Reinhart Koselleck /$fNiklas Olsen 210 $aNew York $cBerghahn Books$d2012 215 $a1 online resource (346 p.) 300 $aDescription based upon print version of record. 311 0 $a1-78238-381-6 311 0 $a0-85745-295-9 320 $aIncludes bibliographical references and index. 327 $aFamily, war, university : the various educations of Reinhart Koselleck -- Explaining, criticizing and revising modern political thought -- Social history between reform and revolution -- Program, project, straight jacket : the Geschichtliche Grundbegriffe -- Theorizing historical time and historical writing -- Commemorating the dead : experience, understanding, identity -- The foundations and the future of Koselleck's scholarly program. 330 $aReinhart Koselleck (1923-2006) was one of most imposing and influential European intellectual historians in the twentieth century. Constantly probing and transgressing the boundaries of mainstream historical writing, he created numerous highly innovative approaches, absorbing influences from other academic disciplines as represented in the work of philosophers and political thinkers like Hans Georg Gadamer and Carl Schmitt and that of internationally renowned scholars such as Hayden White, Michel Foucault, and Quentin Skinner. An advocate of "grand theory," Koselleck was an inspiration to many 606 $aHistory$xPhilosophy 606 $aHistoriography$zGermany 606 $aPolitical science$xHistory 606 $aHistorians$zGermany$vBiography 607 $aGermany$xHistoriography 615 0$aHistory$xPhilosophy. 615 0$aHistoriography 615 0$aPolitical science$xHistory. 615 0$aHistorians 676 $a943.007202 700 $aOlsen$b Niklas$f1975-$01063962 801 0$bMiAaPQ 801 1$bMiAaPQ 801 2$bMiAaPQ 906 $aBOOK 912 $a9910779173103321 996 $aHistory in the plural$93824383 997 $aUNINA